Pachatelé dobrých skutků. 2, Duchaři /
Uloženo v:
| Série: | Pachatelé dobrých skutků,
část 2 |
|---|---|
| Hlavní autor: | |
| Další autoři: | |
| Médium: | E-kniha |
| Jazyk: | Czech |
| Vydáno: |
Praha :
Mladá fronta,
2021
|
| Vydání: | Vydání druhé |
| Témata: | |
| Příbuzné jednotky: | Z cyklu::
Pachatelé dobrých skutků |
| Tagy: |
Žádné tagy |
| LEADER | 01904nam a2200457 i 4500 | ||
|---|---|---|---|
| 001 | 311524 | ||
| 003 | CZ PrSKC | ||
| 005 | 20260601215707.0 | ||
| 007 | ta | ||
| 008 | 211119s2021 xr a b 000 j cze | ||
| 015 | |a cnb003370398 | ||
| 020 | |a 9788020459374 |q (vázáno) : |c Kč 229,00 | ||
| 035 | |a (OCoLC)1296108849 | ||
| 040 | |a ABG001 |b cze |d ABA001 |e rda | ||
| 072 | 7 | |a 821.162.3-3 |x Česká próza |2 Konspekt | |
| 072 | 7 | |a 821-93 |x Literatura pro děti a mládež (beletrie) |2 Konspekt | |
| 080 | |a 821.162.3-32 |2 MRF | ||
| 080 | |a 821-93 |2 MRF | ||
| 080 | |a (0:82-32) |2 MRF | ||
| 100 | 1 | |a Kratochvíl, Miloš, |d 1948- |7 jk01062996 |4 aut | |
| 245 | 1 | 0 | |a Pachatelé dobrých skutků. |n 2, |p Duchaři / |c Miloš Kratochvíl ; ilustroval Milan Starý |
| 246 | 3 | 0 | |a Duchaři |
| 250 | |a Vydání druhé | ||
| 264 | 1 | |a Praha : |b Mladá fronta, |c 2021 | |
| 300 | |a 120 stran : |b ilustrace ; |c 21 cm | ||
| 336 | |a text |b txt |2 rdacontent | ||
| 337 | |a bez média |b n |2 rdamedia | ||
| 338 | |a svazek |b nc |2 rdacarrier | ||
| 521 | 8 | |a Pro děti od 8 let | |
| 655 | 7 | |a české příběhy |7 fd133973 |2 czenas | |
| 655 | 7 | |a publikace pro děti |7 fd133156 |2 czenas | |
| 655 | 9 | |a Czech stories |2 eczenas | |
| 655 | 9 | |a children's literature |2 eczenas | |
| 700 | 1 | |a Starý, Milan, |d 1970- |7 xx0008670 |4 ill | |
| 787 | 0 | 8 | |i Z cyklu: |t Pachatelé dobrých skutků |g 2 |
| 900 | |a ABA001 |b 21 | ||
| 928 | 9 | |a Albatros Media - Mladá fronta | |
| 044 | |a xr | ||
| 910 | |a RBIT002 | ||
| 998 | |d 349602 |a https://core.palmknihy.cz/api/books/349602/cover?s3yf9s |b https://core.palmknihy.cz/api/books/349602/cover/400?s3yf9s |c https://core.palmknihy.cz/api/books/349602/cover/50?s3yf9s |e 2031-12-31 |g 128 |i 9788020459374 |j https://core.palmknihy.cz/api/books/349602/preview.epub |k https://core.palmknihy.cz/api/books/349602/preview.pdf |l |q 49 |r 1 |s https://www.palmknihy.cz/kniha/349602 |t ebook |y 2021 |z 0 |v Pachatelé dobrých skutků |w 2 | ||
| 999 | |d 311522 | ||